LEADER 01166nam0 22002771i 450 001 UON00397378 005 20231205104641.14 010 $a978-88-615-9534-7 100 $a20110921d2010 |0itac50 ba 101 $aita 102 $aIT 105 $a|||| ||||| 200 1 $aArchitetture del commercio e città del Mediterraneo$edinamiche e strutture dei luoghi dello scambio tra Bisanzio, l'Islam e l'Europa$fAlireza Naser Eslami 210 $a[Milano]$cBruno Mondadori$d2010 215 $a237 p.$cill.$d22 cm. 410 1$1001UON00261298$12001 $aRicerca 606 $aPAESI MEDITERRANEI$xCommercio$xSec. 7.-15.$3UONC079817$2FI 620 $aIT$dMilano$3UONL000005 700 1$aNASER ESLAMI$bAlireza$3UONV205077$0480866 712 $aBruno Mondadori$3UONV269427$4650 801 $aIT$bSOL$c20240220$gRICA 899 $aSIBA - SISTEMA BIBLIOTECARIO DI ATENEO$2UONSI 912 $aUON00397378 950 $aSIBA - SISTEMA BIBLIOTECARIO DI ATENEO$dSI III STORIAEUR B 1269 $eSI SC 47331 5 1269 996 $aArchitetture del commercio e città del Mediterraneo$9255429 997 $aUNIOR LEADER 01335nam0 22003011i 450 001 UON00191670 005 20231205103217.524 010 $a88-7119-445-4 100 $a20030730d1992 |0itac50 ba 101 $aita 102 $aIT 105 $a|||| ||||| 200 1 $aˆL'‰Europa linguistica$econtatti, contrasti, affinità di lingue$eatti del 21. Congresso internazionale di studi$eCatania, 10-12 settembre 1987$fSLI, Società di linguistica italiana$ga cura di Antonia G. Mocciaro e Giulio Soravia 210 $aRoma$cBulzoni$d1992. 320 p. ; 21 cm. 410 1$1001UON00067620$12001 $aPubblicazioni della Societa' di linguistica italiana$v30 606 $aLetteratura francese$xAutori belgi$3UONC003982$2FI 620 $aIT$dRoma$3UONL000004 676 $a410$cLinguistica$v21 702 1$aMOCCIARO$bAntonia G.$3UONV112873 702 1$aSORAVIA$bGiulio$3UONV005756 710 02$aSocietà di Linguistica Italiana$3UONV053520$0330439 712 $aBulzoni$3UONV265597$4650 801 $aIT$bSOL$c20251017$gRICA 899 $aSIBA - SISTEMA BIBLIOTECARIO DI ATENEO$2UONSI 912 $aUON00191670 950 $aSIBA - SISTEMA BIBLIOTECARIO DI ATENEO$dSI Collane S.L.I 30 $eSI LO 57826 7 30 996 $aEuropa linguistica$91294016 997 $aUNIOR